Vista normal Vista MARC

Entrada Materia (geográfica)

Número de registros utilizados en: 2

001 - CONTROL NUMBER

  • control field: 97533

003 - CONTROL NUMBER IDENTIFIER

  • control field: Co-BoUCM

005 - DATE AND TIME OF LATEST TRANSACTION

  • control field: 20190710105844.0

008 - FIXED-LENGTH DATA ELEMENTS

  • fixed length control field: 190710|| aca||aabn | a|a d

040 ## - CATALOGING SOURCE

  • Original cataloging agency: Co-BoUCM
  • Transcribing agency: Co-BoUCM

151 ## - HEADING--GEOGRAPHIC NAME

  • Geographic name: Colombia
  • General subdivision: Funcionarios y empleados
  • General subdivision: Legislación

670 ## - SOURCE DATA FOUND

  • Source citation: Work cat.: (Co-BoUCM)313844: Mejía Ossman, Jaime 42309, Derecho disciplinario sustancial, c2019